Indian women: through the ages (Record no. 15477)

MARC details
000 -LEADER
fixed length control field 00449nam a2200169Ia 4500
082 ## - DEWEY DECIMAL CLASSIFICATION NUMBER
Classification number RR 305.403 VER-I
100 ## - MAIN ENTRY--AUTHOR NAME
Personal name Verma, H.N.
245 #0 - TITLE STATEMENT
Title Indian women: through the ages
260 ## - PUBLICATION, DISTRIBUTION, ETC. (IMPRINT)
Place of publication New Delhi
Name of publisher Great Indian publications
Year of publication 0
300 ## - PHYSICAL DESCRIPTION
Number of Pages vii, 203p.
504 ## - BIBLIOGRAPHY, ETC. NOTE
Bibliography, etc Includes bibliography
650 ## - SUBJECT ADDED ENTRY--TOPICAL TERM
Topical Term Women - India
650 ## - SUBJECT ADDED ENTRY--TOPICAL TERM
Topical Term Women - Sociological aspects
650 ## - SUBJECT ADDED ENTRY--TOPICAL TERM
Topical Term Women - Dictionaries
700 ## - ADDED ENTRY--PERSONAL NAME
Personal name Verma, Amrit
942 ## - ADDED ENTRY ELEMENTS (KOHA)
Koha item type Books
Source of classification or shelving scheme Dewey Decimal Classification
Holdings
Withdrawn status Lost status Damaged status Not for loan Home library Current library Date acquired Full call number Accession Number Price effective from Koha item type
        NASSDOC Library NASSDOC Library 08/06/2004 RR 305.403 VER-I 10643 18/04/2019 Books
        NASSDOC Library NASSDOC Library 08/06/2004 RR 305.403 VER-I 11374 18/04/2019 Books